Parlamenter diplomasi (Record no. 3429)

MARC details
000 -BAŞLIK
Sabit Uzunlukta Kontrol Alanı 00850na a2200253 4500
001 - KONTROL NUMARASI
Denetim Alanı 16465
003 - KONTROL NUMARASI IDENTIFIER
Denetim Alanı MIRAKIL
005 - SON İŞLEM TARİHİ VE ZAMANI
Denetim Alanı 20181213154931.0
008 - SABİT-BOY VERİ ELEMANLARI - GENEL BİLGİLER
Sabit Uzunlukta Kontrol Alanı 161011b tu 000 0
040 ## - KATALOGLAMA KAYNAK
Orijinal Kataloglama Ajansı Milas
Kataloglama Dili tur
Metne Dönüştürmek Ajansı TR-AnCHP
041 ## - DİL KODU
Metin / Ses Parça Veya Ayrı Başlığın Dil Kodu tur
082 ## - DEWEY ONLU SINIFLANDIRMA NUMARASI
Sınıflandırma Numarası 323.9561
Ürün Numarası P26 2007
090 ## - SINIFLAMA NUMARASI
Sınıflama Numarası 323.9561 P26 2007
245 ## - BAŞLIK TABLOSU
Başlık Parlamenter diplomasi
Başlığın Kalan TBMM Başkanlığı 2002 / 2007 bütün faaliyetleri
Sorumluluk Tablosu, Vb yay. haz. Abdullah Durmuşoğlu, Ayşegül Çelik Şahin, Nuri Demirorman
246 ## - UNVAN FORM VARYING
Başlık Doğru / Kısa Başlığı TBMM Başkanlığı 2002 / 2007 bütün faaliyetleri
260 ## - YAYIN, DAĞITIM, VB
Yayın, Dağıtım, Vb Yeri Ankara
Yayıncı, Dağıtıcı, Vs Adı TBMM
Yayın, Dağıtım, Vb Tarihi 2007
300 ## - FİZİKSEL TANIM
Kapsam 120 s.
Diğer Fiziksel Ayrıntıları resim var.
Boyutlar 19x27 sm.
610 ## - KONU KATMA GİRİŞ - TOPLANTI ADI
Giriş Elemanı Olarak Kurumsal Ad Veya Yargı Alanı Adı TBMM
Genel Alt Bölüm Dış İlişkiler
Kronolojik Alt Bölüm Albümler
651 ## - KONU KATMA GİRİŞ - COĞRAFİ ADI
Coğrafi İsim Türkiye
Genel Alt Bölümü Dış İlişkiler
700 ## - KATMA GİRİŞ - KİŞİSEL İSİM
Kişisel Ad Deliorman, Nuri
700 ## - KATMA GİRİŞ - KİŞİSEL İSİM
Kişisel Ad Şahin, Ayşegül Çelik
700 ## - KATMA GİRİŞ - KİŞİSEL İSİM
Kişisel Ad Durmuşoğlu, Abdullah
942 ## - EKLENDİ GİRİŞ ELEMANLARI (KOHA)
Sınıflandırma Veya Raf Düzeni Kaynak Dewey Decimal Classification
Koha Öğesi Türü Books
999 ## - SİSTEM KONTROL NUMARALARI (KOHA)
Koha Biblionumber 3429
Koha Biblioitemnumber 3429
Holdings
Kalıcı Konum Mevcut Konum Edinme Tarihi Edinim Kaynak Toplam Check-Out'Lar Tam Çağrı Numarası Barkod Tarih Son Görülme İtibaren Geçerli Fiyatlar Koha Öğesi Türü Kopya Sayısı
CHP Kütüphanesi CHP Kütüphanesi 10/07/2016 Bağış   323.9561 P26 2007 002290 10/07/2016 10/07/2016 Books  
CHP Kütüphanesi CHP Kütüphanesi 11/14/2016 Bağış   323.9561 P26 2007 008632 11/14/2016 11/14/2016 Books k.2